| 000 | 00699nam a2200229Ia 4500 | ||
|---|---|---|---|
| 003 | OSt | ||
| 005 | 20220926021642.0 | ||
| 006 | a|||||r|||| 00| 0 | ||
| 007 | ta | ||
| 008 | 220923b |||||||| |||| 00| 0 eng d | ||
| 037 | _cGeneral Book | ||
| 040 |
_aRTL _cRTL _beng |
||
| 041 |
_2eng _aeng |
||
| 082 | _aa14,IN45,73.N70<--N46 | ||
| 111 |
_aUNITED NATIONS , DAGHAMMARSKJOG LIBRARY _9326556 |
||
| 245 | 0 | _aIndex to resolutions of the economic and social council 1946-70 | |
| 260 |
_aNew York _bUnited Nations _c1981 |
||
| 300 |
_aiv,207p _ccm. |
||
| 500 | _aIndexus to resolutions .no. 4 | ||
| 942 |
_ha14,IN45,73.N70<--N46 _cGB _2CC |
||
| 999 |
_c637331 _d637331 |
||